000 00299 a2200121 4500
001 63759
082 _a809.8928 BLY
090 _c37737
_d37737
100 _aBlyton
245 _aFive have a mystery to solve;
_hEnglish
260 _aGreat Britain
_bHodder and Stoughton
_c1997
300 _a170p.
942 _aNUST-CAE
_k809.8928 BLY
999 _c298832
_d298832